Statistics for France Rugby Grand Slam Teams

Click here to take the quiz!

General Stats

  • This quiz has been taken 44 times
  • The average score is 33 of 121

Answer Stats

ChampionshipPlayer% Correct
2022Antoine Dupont
97%
2022Romain Ntamack
97%
1997Alain Penaud
88%
2022Anthony Jelonch
88%
2022Cyril Baille
88%
2022Damian Penaud
88%
2022François Cros
88%
2022Gabin Villière
88%
2022Gaël Fickou
88%
2022Julien Marchand
88%
2022Melvyn Jaminet
88%
2022Grégory Alldritt
84%
2022Jonathan Danty
84%
2022Uini Atonio
81%
2022Cameron Woki
78%
2022Paul Willemse
78%
2004Vincent Clerc
72%
2010Morgan Parra
69%
2010Thierry Dusautoir
69%
2002Aurélien Rougerie
63%
1968Michel Yachvili
63%
1997, 1998, 2002, 2004Fabien Pelous
59%
2004Frédéric Michalak
59%
2002Fabien Galthié
56%
2010François Trinh-Duc
56%
1981, 1987Serge Blanco
56%
1998, 2004Christophe Dominici
53%
2002, 2004, 2010Imanol Harinordoquy
53%
2004, 2010William Servat
53%
2004, 2010Yannick Jauzion
53%
2010Lionel Nallet
50%
2010Nicolas Mas
50%
1998, 2002Raphaël Ibañez
47%
2002, 2004Damien Traille
44%
2010Clément Poitrenaud
41%
2010Julien Bonnaire
41%
2004Pascal Papé
41%
1987Philippe Sella
41%
2010Mathieu Bastareaud
38%
1998Philippe Bernat-Salles
34%
2002, 2004Serge Betsen
34%
2010Alexis Palisson
31%
1997, 1998, 2002, 2004Olivier Magne
31%
1997Abdelatif Benazzi
28%
1997, 1998Christophe Lamaison
28%
1981Guy Laporte
28%
2004Jean-Baptiste Élissalde
25%
1977Jean-Claude Skrela
25%
1998Marc Lièvremont
25%
1981, 1987Pierre Berbizier
25%
2004Sylvain Marconnet
25%
1998Thomas Lièvremont
25%
2002, 2004Pieter de Villiers
22%
2010Thomas Domingo
22%
1997, 1998Christian Califano
19%
1977, 1981Jean-Pierre Rives
19%
2010Julien Pierre
19%
1987Denis Charvet
16%
1968Guy Camberabero
16%
1968Lilian Camberabero
16%
1987Éric Bonneval
13%
2002, 2004Nicolas Brusque
13%
1968Walter Spanghero
13%
1987Daniel Dubroca
9%
2002Gérald Merceron
9%
1977Jacques Fouroux
9%
1977Jean-Pierre Bastiat
9%
1997Olivier Merle
9%
2002Tony Marsh
9%
1987Franck Mesnel
6%
1997, 1998Franck Tournaire
6%
1977Gérard Cholley
6%
1987Jean Condom
6%
1997, 1998Jean-Luc Sadourny
6%
1977Jean-Pierre Romeu
6%
1987Laurent Rodriguez
6%
1977Michel Palmié
6%
1998, 2002Olivier Brouzet
6%
1981Philippe Dintrans
6%
1977, 1981Robert Paparemborde
6%
1998Thomas Castaignède
6%
1977Alain Paco
3%
1987Dominique Erbani
3%
1977François Sangalli
3%
1977, 1981Jean-François Imbernon
3%
2002Jean-Jacques Crenca
3%
1977Jean-Luc Averous
3%
1977Jean-Michel Aguirre
3%
1987Jean-Pierre Garuet
3%
1968Jean-Pierre Lux
3%
1968Jean Trillo
3%
2010Marc Andreu
3%
1997Marc Dal Maso
3%
1981Pierre Dospital
3%
1977, 1981Roland Bertranne
3%
1968Alain Plantefol
0%
1968André Campaes
0%
1968Bernard Duprat
0%
1968Christian Carrère
0%
1968Claude Lacaze
0%
1981Daniel Revallier
0%
2002David Bory
0%
1997David Venditti
0%
1981Didier Codorniou
0%
1977Dominique Harize
0%
1968Élie Cester
0%
1987Éric Champ
0%
1987Francis Haget
0%
1997Hugues Miorin
0%
1968Jean-Claude Noble
0%
1981Jean-Luc Joinel
0%
1968Jean Salut
0%
1997Laurent Leflamand
0%
1981Laurent Pardo
0%
1968Michel Lasserre
0%
1987Pascal Ondarts
0%
1987Philippe Bérot
0%
1997, 1998Philippe Carbonneau
0%
1981Pierre Lacans
0%
1981Serge Gabernet
0%
1997, 1998Stéphane Glas
0%

Score Distribution

Percentile by Number Answered

Percent of People with Each Score

Your Score History

You have not taken this quiz